<?xml version="1.0" encoding="UTF-8"?>
<record
    xmlns:xsi="http://www.w3.org/2001/XMLSchema-instance"
    xsi:schemaLocation="http://www.loc.gov/MARC21/slim http://www.loc.gov/standards/marcxml/schema/MARC21slim.xsd"
    xmlns="http://www.loc.gov/MARC21/slim">

  <leader>01692nam a2200277 a 4500</leader>
  <controlfield tag="001">000000380</controlfield>
  <controlfield tag="005">20260601111909.0</controlfield>
  <controlfield tag="008">090130s2005    dr            000 0 spa d</controlfield>
  <datafield tag="020" ind1=" " ind2=" ">
    <subfield code="a">9993479403</subfield>
  </datafield>
  <datafield tag="020" ind1=" " ind2=" ">
    <subfield code="a">9789993479406</subfield>
  </datafield>
  <datafield tag="040" ind1=" " ind2=" ">
    <subfield code="a">DO-SdBNP</subfield>
    <subfield code="b">spa</subfield>
    <subfield code="c">BNPHU</subfield>
  </datafield>
  <datafield tag="082" ind1=" " ind2=" ">
    <subfield code="a">306.81</subfield>
    <subfield code="b">A394m</subfield>
  </datafield>
  <datafield tag="100" ind1="1" ind2=" ">
    <subfield code="a">Algarin, Juan,</subfield>
    <subfield code="9">1266</subfield>
  </datafield>
  <datafield tag="245" ind1="1" ind2="0">
    <subfield code="a">Matrimonio :</subfield>
    <subfield code="b">&#xBF;una relaci&#xF3;n o un negocio? /</subfield>
    <subfield code="c">Juan Algarin.</subfield>
  </datafield>
  <datafield tag="260" ind1=" " ind2=" ">
    <subfield code="a">Santo Domingo :</subfield>
    <subfield code="b">B&#xFA;ho,</subfield>
    <subfield code="c">2005.</subfield>
  </datafield>
  <datafield tag="300" ind1=" " ind2=" ">
    <subfield code="a">103 p. ;</subfield>
    <subfield code="c">22 cm.</subfield>
  </datafield>
  <datafield tag="505" ind1="0" ind2=" ">
    <subfield code="t">Pr&#xF3;logo --</subfield>
    <subfield code="g">1.</subfield>
    <subfield code="t">Estad&#xED;sticas para conocer su pareja --</subfield>
    <subfield code="t">Cinco puntos --</subfield>
    <subfield code="g">2.</subfield>
    <subfield code="t">El divorcio --</subfield>
    <subfield code="t">Recorriendo en busca de la felicidad --</subfield>
    <subfield code="t">Razones que pueden provocar un divorcio --</subfield>
    <subfield code="g">3.</subfield>
    <subfield code="t">Infidelidad. &#xBF;C&#xF3;mo puedo evitar la infidelidad? --</subfield>
    <subfield code="g">4.</subfield>
    <subfield code="t">Otro tipo de divorcio. Matrimonio divorciado sin romper el contrato --</subfield>
    <subfield code="g">5.</subfield>
    <subfield code="t">La familia. La familia compuesta por parientes cercanos --</subfield>
    <subfield code="t">La familia establecida con hijos de un matrimonio anterior --</subfield>
    <subfield code="t">La familia compuesta por parientes lejanos --</subfield>
    <subfield code="g">6.</subfield>
    <subfield code="t">La manipulaci&#xF3;n. &#xBF;Qu&#xE9; es la manipulaci&#xF3;n? --</subfield>
    <subfield code="t">Manipulaci&#xF3;n religiosa --</subfield>
    <subfield code="t">Manipulaci&#xF3;n por experiencia de la vida --</subfield>
    <subfield code="t">Manipulaci&#xF3;n por dominio --</subfield>
    <subfield code="t">Manipulaci&#xF3;n por l&#xE1;stima --</subfield>
    <subfield code="t">Manipulaci&#xF3;n emocional por los hijos --</subfield>
    <subfield code="t">Manipulaci&#xF3;n econ&#xF3;mica (propiedades) --</subfield>
    <subfield code="g">7.</subfield>
    <subfield code="t">"Mamas boy" --</subfield>
    <subfield code="g">8.</subfield>
    <subfield code="t">Un papel con poder --</subfield>
    <subfield code="g">9.</subfield>
    <subfield code="t">Cuando tomamos decisiones --</subfield>
    <subfield code="t">La comunicaci&#xF3;n --</subfield>
    <subfield code="t">El perd&#xF3;n y la reconciliaci&#xF3;n --</subfield>
    <subfield code="t">La mentira en el matrimonio.</subfield>
  </datafield>
  <datafield tag="590" ind1=" " ind2=" ">
    <subfield code="a">Inventariado,2018/DG</subfield>
  </datafield>
  <datafield tag="650" ind1=" " ind2="0">
    <subfield code="a">Matrimonio</subfield>
    <subfield code="9">797</subfield>
  </datafield>
  <datafield tag="650" ind1=" " ind2="0">
    <subfield code="a">Parejas </subfield>
    <subfield code="9">802</subfield>
  </datafield>
  <datafield tag="650" ind1=" " ind2="0">
    <subfield code="a">Divorcio</subfield>
    <subfield code="9">1267</subfield>
  </datafield>
  <datafield tag="650" ind1=" " ind2="0">
    <subfield code="a">Infidelidad</subfield>
    <subfield code="9">1268</subfield>
  </datafield>
  <datafield tag="650" ind1=" " ind2="4">
    <subfield code="a">Adulterio</subfield>
    <subfield code="9">1269</subfield>
  </datafield>
  <datafield tag="650" ind1=" " ind2="0">
    <subfield code="a">Familias</subfield>
    <subfield code="9">795</subfield>
  </datafield>
  <datafield tag="910" ind1=" " ind2=" ">
    <subfield code="a">Validado. Control de calidad MFF</subfield>
  </datafield>
  <datafield tag="952" ind1=" " ind2=" ">
    <subfield code="0">0</subfield>
    <subfield code="1">0</subfield>
    <subfield code="5">2</subfield>
    <subfield code="7">5</subfield>
    <subfield code="8">DS</subfield>
    <subfield code="a">BNPHU</subfield>
    <subfield code="b">BNPHU</subfield>
    <subfield code="c">HD</subfield>
    <subfield code="d">2009-07-24</subfield>
    <subfield code="i">LF1</subfield>
    <subfield code="l">0</subfield>
    <subfield code="o">306.81 A394m</subfield>
    <subfield code="p">380-30</subfield>
    <subfield code="r">2020-06-25</subfield>
    <subfield code="t">e. 3</subfield>
    <subfield code="w">2020-06-25</subfield>
    <subfield code="y">LF1</subfield>
    <subfield code="Z">Pr&#xE9;stamo interno</subfield>
  </datafield>
  <datafield tag="952" ind1=" " ind2=" ">
    <subfield code="0">0</subfield>
    <subfield code="1">0</subfield>
    <subfield code="7">2</subfield>
    <subfield code="8">PD</subfield>
    <subfield code="a">BNPHU</subfield>
    <subfield code="b">BNPHU</subfield>
    <subfield code="c">HD</subfield>
    <subfield code="d">2009-07-24</subfield>
    <subfield code="i">LF1</subfield>
    <subfield code="l">0</subfield>
    <subfield code="o">306.81 A394m</subfield>
    <subfield code="p">380-10</subfield>
    <subfield code="r">2020-06-25</subfield>
    <subfield code="w">2020-06-25</subfield>
    <subfield code="y">LF1</subfield>
    <subfield code="Z">No se presta</subfield>
  </datafield>
  <datafield tag="952" ind1=" " ind2=" ">
    <subfield code="0">0</subfield>
    <subfield code="1">0</subfield>
    <subfield code="7">2</subfield>
    <subfield code="8">PD</subfield>
    <subfield code="a">BNPHU</subfield>
    <subfield code="b">BNPHU</subfield>
    <subfield code="c">HD</subfield>
    <subfield code="d">2009-07-24</subfield>
    <subfield code="i">LF1</subfield>
    <subfield code="l">0</subfield>
    <subfield code="o">306.81 A394m</subfield>
    <subfield code="p">380-20</subfield>
    <subfield code="r">2020-06-25</subfield>
    <subfield code="t">e. 2</subfield>
    <subfield code="w">2020-06-25</subfield>
    <subfield code="y">LF1</subfield>
    <subfield code="Z">No se presta</subfield>
  </datafield>
  <datafield tag="999" ind1=" " ind2=" ">
    <subfield code="c">379</subfield>
    <subfield code="d">379</subfield>
  </datafield>
</record>
